| 000 | 00797nam a22002537a 4500 | ||
|---|---|---|---|
| 001 | BR7807026 | ||
| 003 | BR-BrBNA | ||
| 005 | 20230928085805.0 | ||
| 007 | ta | ||
| 008 | 230509b bl.||||| |||| 00| 0 por d | ||
| 040 |
_aBR-BrBNA _bpor _cBiblioteca Nacional de Agricultura |
||
| 041 | _a(Por) | ||
| 072 |
_aE10 _b/G514 |
||
| 090 | _ E10 BR7807026 | ||
| 110 | 1 | _aInstituto Nacional de Colonizacao e Reforma Agraria, Brasilia, DF (Brasil) | |
| 245 | 1 |
_aAlienacao de terras publicas Gleba Carapana municipio de Sao Felix do Xingu estado do Para [Brasil] _bConcorrencia INCRA-DF no. 02/78 |
|
| 260 | 3 |
_aBrasilia, DF (Brasil): _c1978. |
|
| 300 | _a40 p. | ||
| 500 | _a1 Map, scale: 1:100.000 | ||
| 650 | _aLICITACAO | ||
| 650 | _aPARA | ||
| 909 |
_a202309 _bLucia _c55 _dLucia Elande |
||
| 942 | _cBK | ||
| 999 |
_c26355 _d26355 |
||